00369nam a2200133Ia 4500003000400000008004100004040001600045082001600061100001700077245007600094260004000170650001500210650001000225GCL140319s9999 xx 000 0 eng d aGCL / cGCL04a808.82bK L1 aKENNEDY, X.J10aLITERATURE, AN INTRODUCTIONS FICTION, POETRY AND DRAMA / cKENNEDY, X.J a[S.N] : bHARHER COLLINS PUBLERHERS04aLITERATURE04aDTAMU